000 00978nam a2200241 a 4500
008 120416s1991 ||||||||||||||||| || u
020 _a0198546408
050 _aQH 366.2 Har
100 _aHarvey, Paul H., 1947-
245 1 4 _aThe comparative method in evolutionary biology
260 _aOxford
_bOxford University Press
_c1991
300 _aviii, 239p. : ill
350 _a0.00
490 _aOxford series in ecology and evolution
500 _aIncludes bibliographical references (p. [206]-229) and indexes.
650 0 _aBIOLOGY
650 0 _aEVOLUTION (BIOLOGY)--RESEARCH--METHODOLOGY
650 _aEVOLUTION (BIOLOGY)
700 _aPagel, Mark D
856 _uhttp://www.loc.gov/catdir/enhancements/fy0604/90021148-d.html
856 _uhttp://www.loc.gov/catdir/enhancements/fy0604/90021148-t.html
995 _D0.00
_FCBU-MAIN LIBRARY (Kitwe)
_H1
_I13.50
_M1
_UAVAILABLE
_ZAnnex Low-Usage Collection
999 _c38024
_d38024